000 00734nam a2200241Ia 4500
003 GCL
008 140319s9999 xx 000 0 ara d
040 _aGCL /
_cGCL
082 0 4 _a910.09
_bح د
100 1 _aحلمى جعفر
245 1 0 _aالدراسات الخاصة /
_cحلمى جعفر
700 1 _aمحمد ابوالعلا
700 1 _aعبدالله على حامد
260 _a[S.N] :
_bالمنظمة الاسلامية للتربية والعلوم والثقافة ،
_c1976
300 _a421 ص
490 _a
650 0 4 _aاليمن
650 0 4 _aالسودان
650 0 4 _aالجغرافيا
650 0 4 _aالجغرافيا الاقتصادية
650 0 4 _aالصحارى
942 _2ddc
_cBK
999 _c30984
_d30984